| 000 | 00783nam a2200265Ia 4500 | ||
|---|---|---|---|
| 008 | 180523s9999 xx 000 0 und d | ||
| 020 | _a0-7817-6785-7 | ||
| 050 | _aMAIN RT 89 | ||
| 050 | _b.M37 2006 | ||
| 100 | _aMarquis, Bessie L. | ||
| 245 | 0 | _aLeadership roles and management functions in nursing : | |
| 245 | 0 | _btheory and application / | |
| 245 | 0 | _cBessie L. Marquis, Carol J. Huston. | |
| 250 | _a5th Edition | ||
| 260 | _aPhiladelphia : | ||
| 260 | _bLippincott Williams & Wilkins, | ||
| 260 | _c2006 | ||
| 300 | _a723 pages : | ||
| 300 | _billustrations ; | ||
| 300 | _c22 cm. | ||
| 500 | _aIncludes bibliographical references and index. | ||
| 650 | _aLeadership. | ||
| 650 | _aNursing services -- Administration. | ||
| 650 | _xNurse administrators. | ||
| 999 |
_c357679 _d357679 |
||